000 01798nam a2200337 i 4500
003 EG-GICUC
005 20260428154959.0
008 260428s2007 ua |||fr|||| 00| 0 ara d
017 _a3123/2007
040 _a EG-GICUC
_bara
_c EG-GICUC
_d EG-GICUC
_erda
041 0 _aAra
082 0 4 _221
_a343.307
_bم ج . م
092 0 4 _221
099 _aLaw1 10 343.307 م ج . م 2007
100 0 _aمجدى محمود محب حافظ
_eمؤلف.
245 1 2 _aالموسوعة الجمركية :
_bجريمة التهريب الجمركي - الجرائم والمخالفات الجمركية الإجراءات الجمركية وفقاً لأحدث التعديلات في قانون الجمارك وفي ضوء اللائحة التنفيذية لقانون الجمارك رقم ١٠ لسنة ٢٠٠٦ وفي ضوء الفقه وأحكام النقض وأحكام المحكمة الإدارية العليا وأحكام المحكمة الدستورية العليا.
_nالجزء الأول،
_pالأحكام الموضوعية لجريمة التهريب الجمركي /
_cتأليف دكتور مجدى محمود محب حافظ.
250 _aالطبعة الثانية
264 1 _aالقاهرة :
_bدار العدالة،
_c2007.
264 3 _bالنسر الذهبي للطباعة
300 _a763 ؛صفحة
_c24 سم.
336 _2rda content
_atext
337 _2rda media
_aComputer
338 _2rda carrier
_aOnline Resource
546 _aالنص باللغة العربية
650 1 _aقانون الإجراءات الجنائية
_xأحكام النقض
_2qrmak
650 1 _aالقانون الجنائى
_2qrmak
651 1 _2qrmak
856 4 0 _uhttps://fll.law.cu.edu.eg/fulltext/bks/B10-10772.pdf
905 _a54
942 _2ddc
_cBK
_e21
_n0
999 _c73930
_d73930